| 000 | 00420nam a22001577a 4500 | ||
|---|---|---|---|
| 003 | CEME | ||
| 005 | 20210628202214.0 | ||
| 008 | 210317b xxu||||| |||| 00| 0 eng d | ||
| 040 | _c. | ||
| 082 | _a621.382 KON'C | ||
| 100 |
_aKonihow, Robert B Mcelroy, Frank E _958754 |
||
| 245 | _aCommunication for the safety professional | ||
| 260 |
_aCHICAGO _bNATIONAL SAFETY COUNCIL _c1975 |
||
| 300 | _a519P | ||
| 942 |
_cBK _2ddc |
||
| 999 |
_c568873 _d568873 |
||